000 00777nam a22002177a 4500
005 20251108170947.0
008 250721s1981 xx 000 0 ara d
082 1 4 _a536.7/أبو
100 1 _aأبو ت، مايكل م.
245 1 0 _aمختصر سشوم في الديناميكا الحرارية :
_bنظرية و مسائل بإستخدام النظام المتري للوحدات /
250 _aط2.
264 1 _aالقاهره :
_bدار ماكجروهيل للنشر،
_c1981.
300 _a471ص
650 1 7 _aالديناميكا
650 1 7 _aالحرارة
700 1 _aفان نيس، هندريك س.
700 1 _aباشا، أحمد فؤاد
_eترجمة
700 1 _aالجزيري، سعيد بسيوني
942 _2ddc
_cBK
999 _c53114
_d53114